00889nam a2200253 i 4500001001000000003000900010005001700019007000300036008004100039040003000080082001900110110008300129245006100212264006300273300002700336336002700363337003300390338002800423590002800451910000700479942001400486952011800500999001700618000010965DO-SdBNP20230609142823.0ta091013s1934 dr 000 0 spa d aDO-SdBNPbspacBNPHUerda axxxbM533r2221 aRepública Dominicana.bSecretaría de Estado de Relaciones Exteriores9225610aMemoria de relaciones exteriores correspondiente a 1933. aSanto Domingo :bImprenta de J.R.Vda. Garcia Sucs.,c1934. a159 paginas. ;c26 cm. 2rdacontentatextobtxt 2rdamediaasin mediaciónbn 2rdacarrieravolumenbnc aInventariado, 2023 / DG aDG 2ddccLBS1 00102ddc51708PDaBNPHUbBNPHUcCTd2023-06-09l0oBNPHU PD xxx M533rp2023-2288r2023-06-09w2023-06-09yLBS1 c53758d53758